MARC details
| 000 -CABECERA |
| campo de control de longitud fija |
00937nam a2200229 a 4500 |
| 005 - FECHA Y HORA DE LA ÚLTIMA TRANSACCIÓN |
| campo de control |
20240215063640.0 |
| 008 - ELEMENTOS DE LONGITUD FIJA--INFORMACIÓN GENERAL |
| campo de control de longitud fija |
031031s2002 mx r 000 0 spa d |
| 020 ## - NÚMERO INTERNACIONAL NORMALIZADO PARA LIBROS |
| Número Internacional Estándar del Libro |
8476586302 |
| 035 ## - NÚMERO DE CONTROL DEL SISTEMA |
| Número de control de sistema |
UPN01000130531 |
| 049 ## - COLECCIÓN |
| Colección |
CG |
| 050 #4 - SIGNATURA TOPOGRÁFICA DE LA BIBLIOTECA DEL CONGRESO |
| Número de clasificación |
BD235 |
| Número de documento/Ítem |
Z4.6 |
| 100 1# - ASIENTO PRINCIPAL--NOMBRE PERSONAL |
| Nombre de persona |
Zemelman, Hugo, |
| Fechas asociadas al nombre |
1931-2013 |
| 9 (RLIN) |
29553 |
| 245 10 - MENCIÓN DE TÍTULO |
| Título |
Necesidad de conciencia : |
| Resto del título |
un modo de construir conocimiento / |
| Mención de responsabilidad, etc. |
Hugo Zemelman ; pról. de Horacio Cerutti Guldberg ; introd. de Josetxo Beriain. |
| 260 ## - PUBLICACIÓN, DISTRIBUCIÓN, ETC. |
| Lugar de publicación, distribución, etc. |
Barcelona, Esp. : |
| Nombre del editor, distribuidor, etc. |
Anthropos ; |
| Lugar de publicación, distribución, etc. |
México : |
| Nombre del editor, distribuidor, etc. |
El Colegio de México ; |
| Lugar de publicación, distribución, etc. |
Morelia, Mich. : |
| Nombre del editor, distribuidor, etc. |
Escuela Normal Superior de Michoacán, |
| Fecha de publicación, distribución, etc. |
2002. |
| 300 ## - DESCRIPCIÓN FÍSICA |
| Extensión |
xvii, 138 p. |
| 440 #0 - MENCIÓN DE SERIE/ASIENTO SECUNDARIO--TÍTULO |
| Título |
Autores, textos y temas. |
| Nombre de parte o sección de la obra |
Ciencias sociales ; |
| Designación de volumen o secuencia |
34 |
| 590 ## - NOTA LOCAL (RLIN) |
| Nota local |
(También localizas un ejemplar en el "Area de Reserva") |
| 590 ## - NOTA LOCAL (RLIN) |
| Nota local |
Bibliografía Básica (BGTQ) |
| 650 #4 - ASIENTO SECUNDARIO DE MATERIA - TERMINO TEMATICO |
| Término de materia o nombre geográfico como elemento de entrada |
Teoría del conocimiento |
| 9 (RLIN) |
1707 |
| 650 #2 - ASIENTO SECUNDARIO DE MATERIA - TERMINO TEMATICO |
| Término de materia o nombre geográfico como elemento de entrada |
Ciencias sociales |
| Subdivisión general |
Filosofía |
| 9 (RLIN) |
5622 |
| 905 ## - TIPO DE MATERIAL |
| Tipo de material |
Libro |